Reaching Your Potential: Personal and Professional Development : (Record no. 590051)

MARC details
000 -LEADER
fixed length control field 00535nam a2200193 a 4500
008 - FIXED-LENGTH DATA ELEMENTS--GENERAL INFORMATION
fixed length control field 250928s2010##################000#0#eng##
020 ## - INTERNATIONAL STANDARD BOOK NUMBER
ISBN 9781435439733
082 04 - DEWEY DECIMAL CLASSIFICATION NUMBER
Classification number 158.1
Item number THR
100 1# - MAIN ENTRY--AUTHOR NAME
Personal name Throop, Robert K.,
245 10 - TITLE STATEMENT
Title Reaching Your Potential: Personal and Professional Development :
260 ## - PUBLICATION, DISTRIBUTION, ETC. (IMPRINT)
Name of publisher Cengage Learning,
Year of publication 2010.
300 ## - PHYSICAL DESCRIPTION
Number of Pages 392 pages
650 #0 - SUBJECT ADDED ENTRY--TOPICAL TERM
Topical Term Education.
942 ## - ADDED ENTRY ELEMENTS (KOHA)
Koha item type English Books
Holdings
Withdrawn status Lost status Damaged status Not for loan Home library Current library Shelving location Date acquired Full call number Accession Number Price effective from Koha item type
        Anna Centenary Library Anna Centenary Library 3RD FLOOR, A WING 29.09.2025 158.1 THR 285780 29.09.2025 English Books

Find us on the map